| 000 | 00525cam a22001812 4500 | ||
|---|---|---|---|
| 001 | 0000003275 | ||
| 005 | 20151217151921.0 | ||
| 008 | 070502s xx 000 0 eng d | ||
| 040 |
_aKABU _cKABU |
||
| 050 | 0 |
_aHQ1237.5 _b.A35W66 Suppl. |
|
| 245 | 1 | 0 |
_aWomen and justice : _btraining manual. |
| 260 |
_aNairobi : _bPauline, _c2002. |
||
| 300 | _axi, 145 p. | ||
| 650 | 0 |
_aSex discrimination against women. _@0000162870 |
|
| 908 | _a070502 | ||
| 950 | _@1 | ||
| 999 |
_c6326 _d6326 |
||